The operating executive's guide to profit planning tools and techniques

Bibliographic Details
Main Authors: Woelfel, Charles J. (Author), Mecimore, Charles D. (Author)
Format: Book
Language:English
Published: Chicago, Illinois : Probus Publishing 1986
Subjects:

MARC

LEADER 00000cam a2200000 7i4500
001 0000003262
005 20240926.0
008 991202 ilua eng
020 |a 0917253248 
040 |a INS   |b eng   |e rda 
090 0 0 |a HF5635   |b .W848 1986 
100 1 |a Woelfel, Charles J. ,   |e author 
245 1 4 |a The operating executive's guide to profit planning tools and techniques   |c Charles J. Eoefel, Charles D. Mecimore 
264 1 |a Chicago, Illinois :   |b Probus Publishing   |c 1986 
264 4 |c ©1986 
300 |a ix, 199 pages :   |b illustrations ;   |c 24 cm. 
336 |a text  |2 rdacontent 
337 |a unmediated  |2 rdamedia 
338 |a volume  |2 rdacarrier 
504 |a Includes bibliographical references and index 
650 0 |a Business enterprises   |x Finance 
650 0 |a Managerial accounting 
650 0 |a Profit 
700 1 |a Mecimore, Charles D. ,   |e author 
999 |a 0000004237   |b BOOK   |c Open Shelf   |e Default branch